00826nam a2200217 i 450000100060000000300090000600500170001500700030003200800410003502000180007624500700009425000150016426001080017930000220028750000120030950000630032171000550038485200320043999900170047195201200048876636ES-MaACL20230906172915.0t|041004s1987 sp ||||1| spa d a84-505-5641-400aGuía teatral de España / cCentro de Documentación Teatral. a[4ª ed.]. aMadrid : bMinisterio de Cultura, Instituto Nacional de las Artes Escénicas y de la Música, c1987. a415 p. ; c22 cm. aIndice. aSuplemento de: El Público, 1987, nº especial de verano.2 aCentro de Documentación Teatral (España)92605 aES-MaACLjC-2959 bR.114417 c76636d76636 00104070aATENEOMbATENEOMcSPALd2008-01-17eSCl0oC-2959p1080191r2023-02-23 00:00:00w2023-02-23yMONOGRAFIA